000 00317nam a22001457a 4500
008 210511b ||||| |||| 00| 0 eng d
020 _a9780143116752
041 _aeng
080 _a37
082 _a37
100 _a46
101 _aEDU
245 _aA Better Way of Dying
_cJeanne Fitzpatrick
942 _2udc
_cBK
999 _c57158
_d57158